<?xml version="1.0" encoding="UTF-8"?>
<collection xmlns="http://www.loc.gov/MARC21/slim">
<record>
  <controlfield tag="001">131936</controlfield>
  <controlfield tag="005">20240308105336.0</controlfield>
  <datafield tag="024" ind1="7" ind2=" ">
    <subfield code="2">doi</subfield>
    <subfield code="a">10.26754/CINAIC.2023.0025</subfield>
  </datafield>
  <datafield tag="037" ind1=" " ind2=" ">
    <subfield code="a">COMPON-2023-CINAIC-0025</subfield>
  </datafield>
  <datafield tag="041" ind1=" " ind2=" ">
    <subfield code="a"></subfield>
  </datafield>
  <datafield tag="100" ind1=" " ind2=" ">
    <subfield code="a">Cano-Moreno,  Juan David</subfield>
    <subfield code="u">Universidad Politécnica de Madrid, España</subfield>
  </datafield>
  <datafield tag="245" ind1=" " ind2=" ">
    <subfield code="a">Experiencia de innovación educativa usando el juego de mesa IdeaTRIZ-X 3.0. Rediseño de la visera parasol de un coche</subfield>
  </datafield>
  <datafield tag="260" ind1=" " ind2=" ">
    <subfield code="a">Zaragoza</subfield>
    <subfield code="b">Universidad de Zaragoza, Servicio de Publicaciones</subfield>
    <subfield code="c">2023</subfield>
  </datafield>
  <datafield tag="300" ind1=" " ind2=" ">
    <subfield code="e"></subfield>
  </datafield>
  <datafield tag="520" ind1="3" ind2=" ">
    <subfield code="a">La gamificación en el aula es una técnica cada vez más extendida que permite aumentar la motivación de los estudiantes. Casi todas las aplicaciones que hay hoy día están enfocadas su desarrollo en entornos digitales. En este artículo se presenta una experiencia de gamificación mediante el uso de un juego de mesa físico enfocado a potenciar y guiar la creatividad en sesiones de lluvias de ideas. En este caso, en el marco de un proyecto de innovación educativa, se desarrolla una partida para generar ideas innovadoras que mejoren los parasoles de los coches para evitar el deslumbramiento. Son dos las lecciones aprendidas. En primer lugar, que es muy importante la fase de análisis del estado del arte para no reinventar la rueda. Por otro lado, los resultados muestran que el juego diseñado permite obtener soluciones altamente creativas, incluso patentables.</subfield>
  </datafield>
  <datafield tag="506" ind1=" " ind2=" ">
    <subfield code="a">Access copy available to the general public</subfield>
    <subfield code="f">Unrestricted</subfield>
  </datafield>
  <datafield tag="540" ind1=" " ind2=" ">
    <subfield code="9">info:eu-repo/semantics/openAccess</subfield>
    <subfield code="a">by-nc-nd</subfield>
    <subfield code="u">http://creativecommons.org/licenses/by-nc-nd/3.0/es/</subfield>
  </datafield>
  <datafield tag="653" ind1="1" ind2=" ">
    <subfield code="a">IdeaTRIZ-X</subfield>
  </datafield>
  <datafield tag="653" ind1="1" ind2=" ">
    <subfield code="a">innovación educativa</subfield>
  </datafield>
  <datafield tag="653" ind1="1" ind2=" ">
    <subfield code="a">creatividad  </subfield>
  </datafield>
  <datafield tag="653" ind1="1" ind2=" ">
    <subfield code="a">IdeaTRIZ-X</subfield>
  </datafield>
  <datafield tag="653" ind1="1" ind2=" ">
    <subfield code="a">educational innovation</subfield>
  </datafield>
  <datafield tag="653" ind1="1" ind2=" ">
    <subfield code="a">creativity  </subfield>
  </datafield>
  <datafield tag="655" ind1=" " ind2="4">
    <subfield code="a">Comunicación</subfield>
  </datafield>
  <datafield tag="700" ind1=" " ind2=" ">
    <subfield code="a">Cerdeño García de Blas,  Inés</subfield>
    <subfield code="u">Universidad Politécnica de Madrid, España</subfield>
  </datafield>
  <datafield tag="700" ind1=" " ind2=" ">
    <subfield code="a">Rodríguez Sánchez,  María</subfield>
    <subfield code="u">Universidad Politécnica de Madrid, España</subfield>
  </datafield>
  <datafield tag="700" ind1=" " ind2=" ">
    <subfield code="a">Recio Díaz,  María del Mar</subfield>
    <subfield code="u">Universidad Politécnica de Madrid, España</subfield>
  </datafield>
  <datafield tag="700" ind1=" " ind2=" ">
    <subfield code="a">Sánchez Martínez,  Francisca Victoria</subfield>
    <subfield code="u">Universidad Politécnica de Madrid, España</subfield>
  </datafield>
  <datafield tag="773" ind1=" " ind2=" ">
    <subfield code="d">Zaragoza</subfield>
    <subfield code="g">Actas del VII Congreso Internacional sobre Aprendizaje, Innovación y Cooperación, CINAIC 2023 (18-20 de Octubre de 2023, Madrid, España)



</subfield>
  </datafield>
  <datafield tag="856" ind1="4" ind2=" ">
    <subfield code="s">1773937</subfield>
    <subfield code="u">http://zaguan.unizar.es/record/131936/files/025.pdf</subfield>
  </datafield>
  <datafield tag="909" ind1="C" ind2="O">
    <subfield code="o">oai:zaguan.unizar.es:131936</subfield>
    <subfield code="p">comunicaciones-ponencias</subfield>
  </datafield>
  <datafield tag="970" ind1=" " ind2=" ">
    <subfield code="a">COMPON-2023-CINAIC-0025</subfield>
  </datafield>
  <datafield tag="980" ind1=" " ind2=" ">
    <subfield code="a">COMPON</subfield>
  </datafield>
</record>
</collection>